000 00712nam a22001817a 4500
003 UA-OsUOA
001 16491
007 ta
008 20040112b un ||||| |||| 00| 0 ukr d
100 _aПасічник М.
942 _cSA
040 _aUA-OsUOA
_cUA-OsUOA
_dUA-OsUOA
245 _aДокумент , за яким розвиватиметься Рівне
_b[Заст. міськ. голови м.Рівне М.Пасічник розповідає про новий ген. план розвитку Рівного]/Розмовляла В.Погонська
300 _aС.4
955 _a0
773 0 _w0
_tСім днів
_dРівне
_d2003
_g№49/5 груд./
650 7 _aАрхітектура
_2UDC
999 _c302656
_d302656